Ks. Piotr Skarga a dialog ekumeniczny
| Titel: | Ks. Piotr Skarga a dialog ekumeniczny / Wydział Filologiczny Uniwersytetu Mikołaja Kopernika ; pod redakcja̜ Krzysztofa Obremskiego |
|---|---|
| Beteiligt: | |
| Körperschaft: | |
| Veröffentlicht: | Toruń : Wydawnictwo Naukowe Uniwersytetu Mikołaja Kopernika, [2015] |
| Umfang: | 171 Seiten : Illustrationen, Karte |
| Format: | Buch |
| Sprache: | Polnisch |
| Schriftenreihe/ mehrbändiges Werk: |
Litteraria Copernicana ; 15 = 2015,1 |
| Hinweise zum Inhalt: |
Inhaltsverzeichnis
|
X
alg: 42658424 001A $03004:21-02-18 001B $01999:27-02-18 $t11:48:35.000 001C $03004:21-02-18 $t14:34:20.000 001D $03004:21-02-18 001U $0utf8 001X $00 002@ $0Aau 002C $aText $btxt $2rdacontent 002D $aohne Hilfsmittel zu benutzen $bn $2rdamedia 002E $aBand $bnc $2rdacarrier 003@ $0426584244 003O $0911238192 $aOCoLC 006C $0936415484 $aOCoLC 007A $0847022943 $aGBV 007G $0DE0209941EA521B2EEC5EC12582400048152D 009P $qapplication/pdf $A2 $3Inhaltsverzeichnis $uhttp://scans.hebis.de/HEBCGI/show.pl?42658424_toc.pdf $mV:DE-603;B:DE-Mb50 010@ $apol 010E $erda 011@ $a2015 $n[2015] 013D $#Beiträge Formschlagwort $#Einzelbeiträge $#Sammelwerk Formschlagwort $74143413-4 $8Aufsatzsammlung [Ts1] $9085562742 021A $aKs. Piotr Skarga a dialog ekumeniczny $hWydział Filologiczny Uniwersytetu Mikołaja Kopernika ; pod redakcja̜ Krzysztofa Obremskiego 027A $aSkarga 028C $BHerausgeber $4edt $71049966627 $8Obremski, Krzysztof$Z1953- [Tp3] $9339151897 029F $BHerausgebendes Organ $RUniwersytet Mikołaja Kopernika w Toruniu $RUniwersytet Mikołaja Kopernika w Toruniu $#Wydział Filologiczny Uniwersytetu Mikołaja Kopernika $#Uniwersytet Mikołaja Kopernika w Toruniu, Faculty of Languages $#Faculty of Languages Uniwersytet Mikołaja Kopernika w Toruniu $#WF UMK $4isb $710156095-3 $8Uniwersytet Mikołaja Kopernika w Toruniu$bWydział Filologiczny [Tb1] $9183398181 033A $pToruń $nWydawnictwo Naukowe Uniwersytetu Mikołaja Kopernika 034D $a171 Seiten 034M $aIllustrationen, Karte 036E $aLitteraria Copernicana $l15 = 2015,1 044K $qGBV $RKirchengemeinschaft $RÖkumenische Bewegung $#Christian union $#Unité chrétienne $#Ökumene $74138445-3 $8Ökumene [Ts1] $9085523070 044K $qGBV $#Skarga, Piotr $#Pawe̜zki, Piotr Skarga $#Powe̜ski, P. $#Skarga, Pierre $#Skarga, Petr $#Scarga von Paveski, Petrus $#Skarga, Peter $#Scarga, Petro $#Scarga, Petrus $#Scharga, Pjotr $#Scharga, Petrus $#Pawezki, Piotr Skarga $#Pawezki, Piotr $#Poweski, Piotr $#Poweski, Piotr Skarga $#Skarha, Petro $#Skarga, Petro $7119327384 $8Skarga, Piotr$Z1536-1612 [Tp1] $9087667193 045T $a7,39 lok: 42658424 24 exp: 42658424 24 1 #EPN 201B/01 $021-02-18 $t14:34:20.000 201C/01 $021-02-18 201U/01 $0utf8 203@/01 $01018392459 208@/01 $a21-02-18 $bz 209A/01 $a18.00996 $du $f050 $h18 00996 $x00 209C/01 $a18.00996 T $h18 00996 T 209G/01 $a73811597 $x00 247C/01 $8358050-7Marburg, Bibliothek des Herder-Instituts Marburg $9102600961 lok: 42658424 78 exp: 42658424 78 1 #EPN 201B/01 $012-03-18 $t16:19:00.000 201C/01 $012-03-18 201U/01 $0utf8 203@/01 $01019637013 208@/01 $a12-03-18 $be 209A/01 $a/ $f000 $x00 209A/01 $ab*p $x01 220C/01 $aeja 244Z/01 $#Generalgouvernement Polen $#Polska $#Rzeczpospolita Polska $#Polska Rzeczpospolita Ludowa $#Poland $#Pologne $#République Polonaise $#Generalne Gubernatorstwo w Polsce $#Polish People's Republic $#Polska Rzeczpospolita Polen $#PRL $#RP $#Polen Generalgouvernement $#Polska Generalgouvernement $#Besetzte Polnische Gebiete $#Besetztes Gebiet in Polen $#Okupowane Polskie Obszary $#Obszary Okupowane w Polsce $#Volksrepublik Polen $#Polska Rosyjska $#Republic Polen $#Respublika Pol'ša $#Pol'skaja Narodnaja Respublika $#République de Pologne $#Polen Links der Weichsel $#Polska po Lewej Stronie Wisły $#Lenkija $#Polija $#Gubernija Carstva Pol'skago $#Republik Polen $74046496-9 $8--Tg1--Polen $x01 $9085129801 247C/01 $82080>Marburg/Lahn, Herder-Institut, Forschungsbibliothek, Bibliographieportal $9336309341
| LEADER | 00000cam a2200000 c 4500 | ||
|---|---|---|---|
| 001 | 426584244 | ||
| 003 | DE-603 | ||
| 005 | 20180227114835.0 | ||
| 007 | tu | ||
| 008 | 180221s2015 xx |||| | u00||u|pol c | ||
| 035 | |a (DE-599)GBV847022943 | ||
| 035 | |a (OCoLC)911238192 | ||
| 040 | |a DE-603 |b ger |c DE-603 |d DE-603 |e rda | ||
| 041 | |a pol | ||
| 084 | |a 7,39 |2 ssgn | ||
| 245 | 0 | 0 | |a Ks. Piotr Skarga a dialog ekumeniczny |c Wydział Filologiczny Uniwersytetu Mikołaja Kopernika ; pod redakcja̜ Krzysztofa Obremskiego |
| 246 | 1 | 3 | |a Skarga |
| 264 | 1 | |a Toruń |b Wydawnictwo Naukowe Uniwersytetu Mikołaja Kopernika |c [2015] | |
| 300 | |a 171 Seiten |b Illustrationen, Karte | ||
| 336 | |a Text |b txt |2 rdacontent | ||
| 337 | |a ohne Hilfsmittel zu benutzen |b n |2 rdamedia | ||
| 338 | |a Band |b nc |2 rdacarrier | ||
| 490 | 0 | |a Litteraria Copernicana |v 15 = 2015,1 | |
| 600 | 1 | 7 | |a Skarga, Piotr |d 1536-1612 |0 (DE-588)119327384 |0 (DE-603)087667193 |2 gnd |
| 650 | 7 | |a Ökumene |0 (DE-588)4138445-3 |0 (DE-603)085523070 |2 gnd | |
| 655 | 7 | |a Aufsatzsammlung |2 gnd-content |0 (DE-588)4143413-4 |0 (DE-603)085562742 | |
| 700 | 1 | |a Obremski, Krzysztof |d 1953- |e Herausgeber |4 edt |0 (DE-603)339151897 |0 (DE-588)1049966627 |2 gnd | |
| 710 | 2 | |a Uniwersytet Mikołaja Kopernika w Toruniu |b Wydział Filologiczny |e Herausgebendes Organ |4 isb |0 (DE-603)183398181 |0 (DE-588)10156095-3 |2 gnd | |
| 856 | 4 | 2 | |m V:DE-603;B:DE-Mb50 |q application/pdf |u http://scans.hebis.de/HEBCGI/show.pl?42658424_toc.pdf |3 Inhaltsverzeichnis |
| 924 | 0 | |9 Mb 50 |a (DE-603)1018392459 |b DE-Mb50 |c HES |d c |g 18.00996 | |
| 924 | 0 | |9 2080 |a (DE-603)1019637013 |b DE-2080 |c HES |d d |g / | |


